[Event "Euskadi tch 1D"]
[Site ""]
[Date "2012.02.18"]
[Round "6.3"]
[White "Fernandez Lopategui, Jon Andoni"]
[Black "Reinaldo Castiñeira, Roi"]
[Result "0-1"]
[WhiteElo "2042"]
[BlackElo "2470"]

1.d4 e6 2.Nf3 Nf6 3.c4 c5 4.d5 exd5 5.cxd5 Bd6 6.Nc3 O-O 7.g3 Re8 8.Bg2 
Bc7 9.O-O d6 10.Bg5 h6 11.Bf4 a6 12.a4 Nbd7 13.Qd3 Nf8 14.e4 Ng6 15.Bd2 
Ba5 16.Rfe1 Bd7 17.Nd1 b5 18.b3 Qb6 19.Bc3 Bxc3 20.Nxc3 Rac8 21.axb5 axb5 
22.Bf1 Ng4 23.Ra2 Ra8 24.Rea1 N6e5 25.Nxe5 Nxe5 26.Qd1 Rxa2 27.Rxa2 c4 28.
bxc4 bxc4 29.Kg2 Bg4 30.Be2 Bxe2 31.Qxe2 Nd3 32.Qd2 Qd4 33.Rc2 f5 34.exf5 
Ne1+ 35.Kf1 Nxc2 36.Qxc2 Qd3+ 37.Qxd3 cxd3 0-1

[Event "Euskadi tch 1D"]
[Site ""]
[Date "2012.02.18"]
[Round "6.3"]
[White "Zamarbide Iñarrea, Borja"]
[Black "Perez Palma, Jesus Maria"]
[Result "1-0"]
[WhiteElo "2192"]
[BlackElo "1957"]

1.f4 d5 2.Nf3 Nf6 3.e3 c5 4.b3 Nc6 5.Bb5 Bd7 6.Bb2 e6 7.O-O Be7 8.d3 O-O 
9.Nbd2 a6 10.Bxc6 Bxc6 11.Ne5 Be8 12.Qe2 b5 13.Rf3 Qb6 14.Rh3 Rc8 15.g4 
Nd7 16.g5 g6 17.Qf2 Nxe5 18.Bxe5 h5 19.Qh4 Qd8 20.Bf6 e5 21.fxe5 Bd7 22.
Rf3 Bg4 23.Rf4 Bxf6 24.gxf6 Qd7 25.Qg5 Kh7 26.Kf2 Rh8 27.Rg1 c4 28.bxc4 
bxc4 29.d4 c3 30.Nb3 Qb5 31.Rgxg4 hxg4 32.Qxg4 Qc6 33.Nc5 Rce8 34.Qh3+ Kg8
35.Rh4 1-0

[Event "Euskadi tch 1D"]
[Site ""]
[Date "2012.02.18"]
[Round "6.3"]
[White "Urbieta Gabancho, Koldo"]
[Black "Perez Marchal, Javier"]
[Result "1-0"]
[WhiteElo "1949"]
[BlackElo "1853"]

1.Nf3 d5 2.c4 c6 3.b3 dxc4 4.bxc4 e5 5.d3 Nd7 6.g3 Ngf6 7.Bg2 Bd6 8.O-O 
O-O 9.Bb2 Re8 10.Nbd2 Qc7 11.Qc2 Nf8 12.c5 Be7 13.Bxe5 Qd8 14.e4 N6d7 15.
Bd6 Bxd6 16.cxd6 Qf6 17.Nc4 b5 18.e5 Qd8 19.Ne3 Nxe5 20.Nxe5 Rxe5 21.Qxc6 
Rb8 22.Qc7 Bd7 23.Qxa7 Qb6 24.Qc7 Rc5 25.Qxb6 Rxb6 26.d4 Rc8 27.Nd5 Rxd6 
28.Ne7+ Kh8 29.Nxc8 Bxc8 30.Rfc1 Bf5 31.d5 g6 32.Rc6 Rd8 33.Rd1 Kg7 34.Rb6
Ra8 35.Rd2 Ra5 36.d6 Nd7 37.Rb7 Ra6 38.Rxb5 Kf6 39.Bb7 Ra7 40.f4 Be6 41.
Bd5 Bxd5 42.Rbxd5 Ke6 43.R5d4 Nf6 44.Re2+ Kf5 45.Re7 Rxe7 46.dxe7 Ke6 47.
e8=Q+ Nxe8 48.Re4+ Kd7 49.Rxe8 Kxe8 50.Kf2 1-0

[Event "Euskadi tch 1D"]
[Site ""]
[Date "2012.02.18"]
[Round "6.1"]
[White "Saenz Martinez, Juan Jose"]
[Black "Dura Olmos, Gines Raul"]
[Result "1-0"]
[WhiteElo "2288"]
[BlackElo "2083"]

1.d4 Nf6 2.c4 c5 3.Nf3 cxd4 4.Nxd4 Nc6 5.Nc3 g6 6.e4 d6 7.Be2 Bg7 8.Be3 
O-O 9.O-O Bd7 10.Nb3 Ne5 11.c5 Neg4 12.Bf4 Nh5 13.Bc1 Nhf6 14.cxd6 exd6 
15.Qxd6 Nxe4 16.Nxe4 Be5 17.Bg5 Qe8 18.Bxg4 Bxg4 19.Nf6+ Bxf6 20.Bxf6 Qb5 
21.Rfe1 Rfe8 22.Bc3 1-0

[Event "Euskadi tch 1D"]
[Site ""]
[Date "2012.02.18"]
[Round "6.2"]
[White "Rodriguez Melendez, Juan Humbert"]
[Black "Alvarado Fernandez, Mikel"]
[Result "0-1"]
[WhiteElo "2096"]
[BlackElo "2006"]

1.e4 g6 2.d4 Bg7 3.Nc3 d5 4.e5 c5 5.Nf3 cxd4 6.Qxd4 e6 7.Nb5 a6 8.Bg5 Qd7 
9.Qa4 Nc6 10.O-O-O Nge7 11.Nd6+ Kf8 12.Qf4 Nf5 13.Nxf5 exf5 14.Bc4 Qc7 15.
Bxd5 h6 16.Bxc6 hxg5 17.Qxg5 Bh6 18.Bd5 Be6 19.Bxe6 fxe6 20.Rd6 Qe7 21.
Qxh6+ Rxh6 22.Rhd1 Rc8 23.R1d3 Rc7 24.g3 g5 25.Nd4 g4 26.Kb1 Rxh2 27.b3 
Kf7 28.f3 gxf3 29.Rxf3 Rh1+ 30.Kb2 Qg5 31.Ne2 Re1 32.Nf4 Rxe5 33.a4 Qg7 
34.c3 b5 35.axb5 axb5 36.b4 Qh8 37.Rd2 Ra7 38.Rfd3 Re1 39.Rd7+ Rxd7 40.
Rxd7+ Kf6 41.Rd2 Qa8 42.Kc2 Qa2+ 43.Kd3 Qb1+ 0-1

[Event "Euskadi tch 1D"]
[Site ""]
[Date "2012.02.18"]
[Round "6.3"]
[White "Galarza Cenzano, Inigo"]
[Black "Arce Balluerca, Jorge"]
[Result "1-0"]
[WhiteElo "2002"]
[BlackElo "2018"]

1.e4 d6 2.d4 Nf6 3.Nc3 g6 4.Bc4 Bg7 5.f3 O-O 6.Be3 c6 7.a4 d5 8.Bb3 dxe4 
9.Nxe4 Nd5 10.Bxd5 cxd5 11.Nc3 Nc6 12.Nge2 Bf5 13.O-O Nb4 14.Rc1 Rc8 15.
Qd2 Qb6 16.Rfd1 Rc4 17.Kh1 Rfc8 18.Nf4 Qc6 19.Nd3 e5 20.Nxb4 Rxb4 21.Nxd5 
Qxd5 22.Qxb4 exd4 23.c3 Rc4 24.Qb3 d3 25.Qb5 Qe6 26.Re1 a6 27.Qxb7 Be5 28.
Rcd1 Rh4 29.f4 Bd6 30.Bd4 Qd7 31.Qxd7 Bxd7 32.Rxd3 Bxa4 33.Bf6 1-0

[Event "Euskadi tch 1D"]
[Site ""]
[Date "2012.02.18"]
[Round "6.4"]
[White "Llompart Gutierrez, Andres"]
[Black "Gonzalez Blanco, Aitor"]
[Result "1-0"]
[WhiteElo "2027"]
[BlackElo "2012"]

1.e4 d5 2.exd5 Qxd5 3.Nc3 Qa5 4.Bc4 Nf6 5.d3 c6 6.Ne2 e5 7.O-O Be7 8.Ng3 
O-O 9.Kh1 Nd5 10.Bd2 Qd8 11.Qe2 Nb6 12.Bb3 N8d7 13.Nf5 Bf6 14.Ne4 Nd5 15.
Nfd6 Be7 16.Nxc8 Rxc8 17.f4 exf4 18.Bxf4 Nxf4 19.Rxf4 Nc5 20.Nxc5 Bxc5 21.
Raf1 Rc7 22.Qh5 b6 23.Bxf7+ Kh8 24.Bg6 h6 25.Rxf8+ Bxf8 26.h4 Be7 27.Re1 
Qd4 28.Be4 Qf2 29.Qe8+ Bf8 30.Re2 Qxh4+ 31.Kg1 Rf7 32.Qxf7 Bc5+ 33.Rf2 1-0

[Event "Euskadi tch 1D"]
[Site ""]
[Date "2012.02.25"]
[Round "7"]
[White "Monje Peinado, Roberto"]
[Black "Aguirre Canflanca, Josu"]
[Result "1/2-1/2"]
[WhiteElo "2065"]
[BlackElo "2189"]

1.d4 e6 2.c4 Nf6 3.g3 c5 4.d5 exd5 5.cxd5 d6 6.Nc3 g6 7.Bg2 Bg7 8.Nf3 O-O 
9.O-O Re8 10.Nd2 a6 11.a4 Nbd7 12.Nc4 Ne5 13.Nxe5 Rxe5 14.e4 b6 15.Re1 Rb8
16.Qd3 Qc7 17.Bf4 c4 18.Qc2 Re8 19.Na2 Ng4 20.Bf1 Bd4 21.Re2 Qc5 22.Rd2 
Be5 23.Bxc4 Bxf4 24.gxf4 f5 25.b4 Qc7 26.e5 b5 27.axb5 axb5 28.Be2 Qxc2 
29.Rxc2 dxe5 30.Nc3 exf4 31.Bxb5 Re5 32.Rb1 f3 33.Rcc1 1/2-1/2

[Event "Euskadi tch 1D"]
[Site ""]
[Date "2012.02.25"]
[Round "7"]
[White "Manso Marquez, Felix"]
[Black "Hernandorena De la Cruz, Egoi"]
[Result "1-0"]
[WhiteElo "2061"]
[BlackElo "2033"]

1.d4 Nf6 2.c4 e6 3.Nc3 c5 4.d5 exd5 5.cxd5 d6 6.e4 g6 7.f4 Bg7 8.Bb5+ Nfd7
9.a4 a6 10.Bd3 Qh4+ 11.g3 Qe7 12.Nf3 f5 13.O-O Bxc3 14.bxc3 fxe4 15.Bxe4 
O-O 16.Bd3 Nf6 17.c4 Bg4 18.Ra2 Nbd7 19.Re2 Qf7 20.h3 Bxf3 21.Rxf3 Rae8 
22.Rfe3 Rxe3 23.Rxe3 Re8 24.Qe2 Rxe3 25.Qxe3 Qe8 26.Qxe8+ Nxe8 27.Bd2 Nef6
28.Bc3 Kf7 29.Kf2 Ne8 30.Kf3 Ng7 31.g4 Nf6 32.a5 Ng8 33.Bc2 Ne7 34.Ba4 Ne8
35.Bd7 Ng7 36.Ke4 Ne8 37.Be6+ Kf8 38.f5 g5 39.f6 Ng6 40.Kf5 Nf4 41.Kxg5 
Nxh3+ 42.Kf5 Nf2 43.Bd2 Nxg4 44.Kxg4 Nxf6+ 45.Kf5 Ng8 46.Bg5 1-0

[Event "Euskadi tch 1D"]
[Site ""]
[Date "2012.02.26"]
[Round "7"]
[White "Sevilla Subiza, Javier"]
[Black "Mendikute Fierro, Claudio"]
[Result "1-0"]
[WhiteElo "1925"]
[BlackElo "2031"]

1.d4 d5 2.c4 c6 3.Nf3 Nf6 4.Nc3 e6 5.Bg5 Nbd7 6.e3 Qa5 7.Nd2 dxc4 8.Bxf6 
Nxf6 9.Nxc4 Qc7 10.g3 Be7 11.Bg2 O-O 12.O-O Rd8 13.Qc2 Bd7 14.a3 Rac8 15.
b4 Qb8 16.Rab1 b6 17.Rfc1 Be8 18.Qe2 Nd7 19.a4 e5 20.a5 f6 21.b5 c5 22.
axb6 axb6 23.dxe5 Nxe5 24.Nd5 1-0

[Event "Euskadi tch 1D"]
[Site ""]
[Date "2012.02.25"]
[Round "7"]
[White "Martiarena Lizarribar, Eneko"]
[Black "Blanco Sisniega, Jonas"]
[Result "1/2-1/2"]
[WhiteElo "1996"]
[BlackElo "1792"]

1.d4 d5 2.c4 c6 3.Nf3 Nf6 4.Nc3 e6 5.cxd5 cxd5 6.Bg5 Nbd7 7.e3 Qa5 8.Nd2 
Be7 9.Bd3 O-O 10.O-O a6 11.Rc1 b5 12.Bb1 Bb7 13.Nf3 Rfc8 14.Ne5 Qd8 15.Qd3
g6 16.f3 Nxe5 17.dxe5 Nd7 18.Bxe7 Qxe7 19.f4 b4 20.Ne2 Nc5 21.Qd4 a5 22.
Rc2 Rc7 23.Rfc1 Rac8 24.a3 bxa3 25.bxa3 Ba6 26.Kf2 Nd3+ 27.Qxd3 Bxd3 28.
Rxc7 Rxc7 29.Rxc7 Qxc7 30.Bxd3 a4 31.Bb5 Qa5 32.Nd4 Qc3 33.Bxa4 Qxa3 34.
Bd1 h6 35.h4 Qe7 36.g3 g5 37.hxg5 hxg5 38.Nf3 gxf4 39.gxf4 f6 40.exf6 Qxf6
41.Be2 Qh6 42.Bf1 Kf8 43.Be2 Ke7 44.Bf1 Kd6 45.Be2 Kc5 46.Bf1 Kb4 47.Be2 
Kc3 48.Bf1 d4 49.Nxd4 Qh4+ 50.Kf3 Qh1+ 51.Kf2 Qh4+ 52.Kf3 e5 53.fxe5 Qh5+ 
54.Kf2 Qxe5 55.Nf3 Qe7 56.Be2 Kc2 57.Bf1 Kc3 58.Be2 Qe4 59.Bf1 Qc2+ 60.Be2
Kb4 61.Nd4 Qb2 62.Nf3 Kc5 63.Ne1 Kd6 64.Nf3 Kd5 65.Ng5 Qf6+ 66.Nf3 Ke4 67.
Bd1 Qh6 68.Bc2+ Kd5 69.Bd3 Qf6 70.Be2 Ke4 71.Bd1 Qc3 72.Ng5+ Kf5 73.Nf3 
1/2-1/2

[Event "Euskadi tch 1D"]
[Site ""]
[Date "2012.02.25"]
[Round "7.2"]
[White "Dura Olmos, Gines Raul"]
[Black "Olazagoitia Rodriguez, Jose Lui"]
[Result "1-0"]
[WhiteElo "2083"]
[BlackElo "2162"]

1.e4 d6 2.d4 Nf6 3.Nc3 e5 4.dxe5 dxe5 5.Qxd8+ Kxd8 6.Bc4 Be6 7.Bxe6 fxe6 
8.Be3 Bd6 9.O-O-O Ke7 10.f3 a6 11.h4 Nbd7 12.Nh3 b5 13.Nf2 Rhb8 14.h5 a5 
15.h6 g6 16.a4 bxa4 17.Nxa4 Rb4 18.b3 Rab8 19.Nd3 R4b7 20.Kb2 Nh5 21.Bd2 
c5 22.Ka2 Nf4 23.Ndb2 Bc7 24.g3 Ne2 25.Bg5+ Ke8 26.Rxd7 Kxd7 27.Nxc5+ Kc6 
28.Nxb7 Rxb7 29.g4 Nc3+ 30.Ka1 Bb6 31.Bd2 Bd4 32.Bxc3 Bxc3 33.Ka2 Rf7 34.
Rf1 Bxb2 35.Kxb2 g5 36.Ra1 Kb5 37.Rh1 Rxf3 38.Rh5 Rf6 39.Rxg5 Rxh6 40.
Rxe5+ Kb6 {(Ilegible)} 1-0

[Event "Euskadi tch 1D"]
[Site ""]
[Date "2012.02.25"]
[Round "7.2"]
[White "Aguinaga Ruiz, Jesus Luis"]
[Black "Rodriguez Melendez, Juan Humber"]
[Result "1-0"]
[WhiteElo "1956"]
[BlackElo "2096"]

1.d4 Nf6 2.Bf4 d6 3.Nf3 g6 4.e3 Bg7 5.Be2 O-O 6.c4 c5 7.Nc3 b6 8.O-O Nc6 
9.h3 Bf5 10.d5 Nb4 11.a3 Na6 12.Qd2 Nc7 13.Rfd1 a6 14.Nh4 Bd7 15.e4 b5 16.
cxb5 Nxb5 17.Nxb5 Bxb5 18.Bf3 Ba4 19.Re1 Nd7 20.Bh6 Bxh6 21.Qxh6 Rb8 22.
Re3 Kh8 23.Bd1 Bxd1 24.Rxd1 Rxb2 25.Nf3 f6 26.h4 Rg8 27.Ne1 Ne5 28.Rg3 a5 
29.Nd3 Nxd3 30.Rdxd3 Qc8 31.Qc1 Qb7 32.Qc3 a4 33.f4 Rb3 34.Qc2 Rxd3 35.
Rxd3 Qb5 36.e5 Rb8 37.Kh2 c4 38.Rc3 Rc8 39.exf6 exf6 40.Qe4 Qc5 41.Qe6 Rf8
42.Qe4 Rc8 43.h5 g5 44.h6 Qc7 45.Qf5 Rf8 46.fxg5 Qf7 47.Rf3 Qh5+ 48.Kg1 
Qh4 49.g3 Qd4+ 50.Kg2 c3 51.Qd7 Qd2+ 52.Kh3 Qxg5 53.Qg7+ Qxg7 54.hxg7+ 
Kxg7 55.Rxc3 Rb8 56.Rc6 Rb3 57.Rxd6 Rxa3 58.Ra6 Kg6 59.d6 Kg5 60.Ra5+ f5 
61.Rd5 1-0

[Event "Euskadi tch 1D"]
[Site ""]
[Date "2012.02.25"]
[Round "7.2"]
[White "Arce Balluerca, Jorge"]
[Black "Sempere Gomis, Andres Valentin"]
[Result "0-1"]
[WhiteElo "2018"]
[BlackElo "1840"]

1.Nf3 d5 2.g3 Nf6 3.Bg2 e6 4.O-O Bd6 5.Nc3 a6 6.d3 Nbd7 7.e4 O-O 8.Qe2 
dxe4 9.dxe4 e5 10.Nh4 Nb6 11.Bg5 Be6 12.Nd5 Nbxd5 13.exd5 Bg4 14.Qc4 Bd7 
15.Rfe1 h6 16.Bd2 b5 17.Qd3 Qc8 18.a4 Rb8 19.axb5 axb5 20.Bc3 Re8 21.b4 g5
22.Nf3 Bf5 23.Qd1 Nd7 24.Nd2 Nf6 25.h3 Bxh3 26.Ne4 Nxe4 27.Bxe4 Bg4 28.Qd3
f5 29.Bg2 e4 30.Qd2 Qd7 31.f3 exf3 32.Qd4 Qh7 33.Bxf3 Bxf3 34.Kf2 Be4 35.
Ra7 Re7 36.Rea1 Be5 37.Qxe5 Rxe5 38.Bxe5 Qe7 39.Bc3 Bxd5 40.Re1 Be4 41.Rh1
Qd6 42.Rha1 f4 43.g4 Qb6+ 44.Kf1 Bb7 0-1

[Event "Euskadi tch 1D"]
[Site ""]
[Date "2012.02.25"]
[Round "7.1"]
[White "Lozoya Rodriguez, Alberto"]
[Black "Dominguez Ofretorio, Javier"]
[Result "1/2-1/2"]
[WhiteElo "2214"]
[BlackElo "2138"]

1.c4 Nf6 2.g3 g6 3.Bg2 Bg7 4.Nc3 c6 5.d4 d5 6.cxd5 cxd5 7.Nf3 O-O 8.O-O 
Ne4 9.Qb3 Nc6 10.Rd1 Na5 11.Qc2 Bf5 12.Nxe4 Bxe4 13.Qa4 a6 14.b3 b5 15.Qa3
Nc6 16.Be3 Qb6 17.Rac1 Rfc8 18.Ne5 Bxg2 19.Nxc6 Rxc6 20.Rxc6 Qxc6 21.Kxg2 
Qc2 22.Rc1 Qe4+ 1/2-1/2

[Event "Euskadi tch 1D"]
[Site ""]
[Date "2012.02.25"]
[Round "7.2"]
[White "Ros Eskisabel, Jose Ramon"]
[Black "Carasa del Portillo, Mikel"]
[Result "1/2-1/2"]
[WhiteElo "2100"]
[BlackElo "2032"]

1.e4 c5 2.Nf3 g6 3.d4 cxd4 4.Nxd4 Nc6 5.c4 Nf6 6.Nc3 d6 7.Be2 Nxd4 8.Qxd4 
Bg7 9.Bg5 O-O 10.Qd2 Be6 11.Rc1 Qa5 12.f3 Rfc8 13.b3 a6 14.Na4 Qxd2+ 15.
Kxd2 Rc6 16.Nc3 h6 17.Be3 Rcc8 18.Rc2 Kh7 19.Rhc1 h5 20.h3 Bh6 21.f4 Kg8 
22.Bf3 Kf8 23.Nd5 Nxd5 1/2-1/2

[Event "Euskadi tch 1D"]
[Site ""]
[Date "2012.02.25"]
[Round "7.3"]
[White "Perez Palma, Jesus Maria"]
[Black "Alvarez Ponga, Hugo"]
[Result "0-1"]
[WhiteElo "1957"]
[BlackElo "2099"]

1.c4 Nf6 2.Nc3 e6 3.g3 d5 4.cxd5 exd5 5.d4 c6 6.Bg2 Bf5 7.Nf3 Bd6 8.O-O 
Nbd7 9.Nh4 Bg4 10.Qc2 O-O 11.e4 dxe4 12.Nxe4 Nxe4 13.Bxe4 Nf6 14.Bg2 Re8 
15.Bf3 Qd7 16.Bg5 Bxf3 17.Nxf3 Ne4 18.Be3 Qg4 19.Kg2 f5 20.Qb3+ Kh8 21.Ne5
Bxe5 22.dxe5 Qg6 23.f3 f4 24.Bxf4 Nc5 25.Qc3 Nd3 26.Qd2 Rad8 27.Rad1 Nxf4+
0-1

[Event "Euskadi tch 1D"]
[Site ""]
[Date "2012.02.25"]
[Round "7.4"]
[White "Galarza Cenzano, Inigo"]
[Black "Urbieta Gabancho, Koldo"]
[Result "1/2-1/2"]
[WhiteElo "2002"]
[BlackElo "1949"]

1.e4 c6 2.d4 d5 3.exd5 cxd5 4.Bd3 Nc6 5.c3 Nf6 6.Bf4 Bg4 7.Qb3 Qb6 8.Qxb6 
axb6 9.Nd2 e6 10.Ngf3 Be7 11.O-O O-O 12.Rfe1 Rfe8 13.Ne5 Nxe5 14.Bxe5 Rec8
15.h3 Bh5 16.Bb5 Bg6 17.Bxf6 gxf6 1/2-1/2

[Event "Euskadi tch 1D"]
[Site ""]
[Date "2012.02.25"]
[Round "7.4"]
[White "Trigo Urquijo, Sergio"]
[Black "Reinaldo Castiñeira, Roi"]
[Result "1/2-1/2"]
[WhiteElo "2225"]
[BlackElo "2470"]

1.d4 Nf6 2.c4 e6 3.g3 c5 4.d5 exd5 5.cxd5 Bd6 6.Bg2 O-O 7.Nc3 Re8 8.Nh3 
Bf8 9.O-O d6 10.a4 Na6 11.Nf4 Nb4 12.Nd3 Bf5 13.Nxb4 cxb4 14.Nb5 Be4 15.
Bxe4 Rxe4 16.f3 Qb6+ 17.Kh1 Rc4 18.Qd3 Rc5 19.e4 a6 20.Nd4 Qc7 21.Bd2 a5 
22.Nb5 1/2-1/2

[Event "Euskadi tch 1D"]
[Site ""]
[Date "2012.02.25"]
[Round "7.4"]
[White "Hernando Rodrigo, Jose Maria"]
[Black "Nava Pereda, Carlos"]
[Result "1-0"]
[WhiteElo "2326"]
[BlackElo "2259"]

1.d4 d5 2.c4 dxc4 3.Nf3 a6 4.e3 b5 5.a4 Bb7 6.b3 e6 7.axb5 axb5 8.Rxa8 
Bxa8 9.bxc4 bxc4 10.Bxc4 Nf6 11.Nc3 Nbd7 12.O-O Be7 13.d5 exd5 14.Nxd5 
Nxd5 15.Bxd5 Bxd5 16.Qxd5 O-O 17.Nd4 Nb8 18.Qf3 Qd7 19.Nf5 Bf6 20.Ba3 Rd8 
21.Nh6+ Kh8 22.Bb2 Qe6 23.Bxf6 gxf6 24.Qh5 Rd5 25.Qh4 Nd7 26.Ra1 Nb6 27.e4
Rd8 28.h3 c5 29.Ra7 Rd1+ 30.Kh2 Rd7 31.Qg3 Qe8 32.Qf4 f5 33.Qxf5 Qe7 34.
Rxd7 Nxd7 35.Nxf7+ Kg7 36.Ng5 Nb8 37.e5 c4 38.Ne4 Nc6 39.f4 Qh4 40.g3 Qd8 
41.Qf6+ Qxf6 42.exf6+ Kf8 43.Kg2 h5 44.Kf3 Nb8 45.f5 Nd7 46.Kf4 Ke8 47.g4 
hxg4 48.hxg4 Kf7 49.g5 1-0

[Event "Euskadi tch 1D"]
[Site ""]
[Date "2012.02.25"]
[Round "7.4"]
[White "Alonso Alonso, Ivan"]
[Black "Zamarbide Iñarrea, Borja"]
[Result "1-0"]
[WhiteElo "2160"]
[BlackElo "2192"]

1.e4 c5 2.Nf3 g6 3.d4 Bg7 4.Nc3 cxd4 5.Nxd4 Nc6 6.Be3 Nf6 7.Be2 O-O 8.f4 
Qb6 9.e5 Ne8 10.a3 Qd8 11.Bf3 Nc7 12.O-O Nxd4 13.Qxd4 d6 14.Rad1 Bf5 15.g4
Bxc2 16.Rd2 Bb3 17.Qb4 Be6 18.Qxb7 Rb8 19.Qxa7 Nb5 20.Nxb5 Rxb5 21.b4 Qc8 
22.Qxe7 Qc3 23.Qa7 dxe5 24.Rfd1 Bc4 25.Rf2 exf4 26.Bd4 Bxd4 27.Qxd4 Qxd4 
28.Rxd4 Be6 29.Rc2 Rfb8 30.Rxf4 Kf8 31.Rd4 Ke7 32.h4 h5 33.g5 Re5 34.Kf2 
Bb3 35.Rc3 Ba4 36.Rc7+ Ke6 37.Ra7 Bb3 38.Ra6+ Ke7 39.Re4 Rxe4 40.Bxe4 Rc8 
41.b5 Rc4 42.Ke3 Rc1 43.b6 1-0

[Event "Euskadi tch 1D"]
[Site ""]
[Date "2012.02.25"]
[Round "7.4"]
[White "Tetimov, Ivan"]
[Black "Rodriguez Gonzalez, Alex"]
[Result "1/2-1/2"]
[WhiteElo "2032"]
[BlackElo "2002"]

1.Nf3 c5 2.c4 Nf6 3.Nc3 g6 4.g3 Bg7 5.Bg2 d5 6.cxd5 Nxd5 7.O-O Nxc3 8.bxc3
Nc6 9.Qa4 Bd7 10.Qc4 b6 11.d4 cxd4 12.cxd4 Rc8 13.Qd3 Nb4 14.Qd2 a5 15.a3 
Nc2 16.Rb1 Bf5 17.Bb2 Qd6 18.Qf4 Qxf4 19.gxf4 O-O 20.Ne5 Bxe5 21.fxe5 b5 
22.d5 b4 23.axb4 axb4 24.d6 exd6 25.exd6 f6 26.Bd5+ Kg7 27.e4 Bg4 28.Rfc1 
Bh3 29.f4 Rfd8 30.Bb3 Rxd6 31.Rxc2 Rxc2 32.Bxc2 Rd2 33.Bb3 Rg2+ 34.Kh1 Rf2
35.Bd5 Bg2+ 36.Kg1 Re2 37.Bd4 Bxe4 38.Bxe4 Rxe4 39.Rxb4 Rxf4 40.Rb7+ Kg8 
41.Bb2 g5 42.Kg2 h5 43.Kg3 Rg4+ 44.Kf2 Rh4 45.Kg2 Rg4+ 46.Kh1 Rf4 47.Kg2 
Rg4+ 48.Kf2 Rh4 49.Ke3 Rxh2 50.Bxf6 g4 51.Kf4 Kf8 52.Rh7 Rf2+ 53.Kg5 g3 
54.Kg6 Ke8 55.Re7+ Kf8 56.Rf7+ Ke8 57.Re7+ Kf8 58.Rd7 Re2 59.Rd8+ Re8 60.
Rd7 g2 61.Rf7+ Kg8 62.Rg7+ Kf8 63.Kxh5 Re2 64.Rg4 Kf7 65.Bd4 Rd2 66.Bg1 
Kf6 67.Kh4 Kf5 68.Rg7 Rd8 69.Kh3 {(ilegible)} 1/2-1/2

[Event "Euskadi tch 1D"]
[Site ""]
[Date "2012.03.03"]
[Round "8.5"]
[White "Monje Peinado, Roberto"]
[Black "Dura Olmos, Gines Raul"]
[Result "1-0"]
[WhiteElo "2065"]
[BlackElo "2083"]

1.d4 Nf6 2.c4 c5 3.d5 b5 4.Nd2 Qa5 5.Qc2 d6 6.e4 g6 7.cxb5 a6 8.b6 Nbd7 9.
b3 Bh6 10.Nf3 Nxb6 11.Bb2 Nbd7 12.Bc3 Qc7 13.Nc4 O-O 14.h4 a5 15.h5 Bg7 
16.hxg6 hxg6 17.a4 Re8 18.O-O-O Ba6 19.Bxa5 Qb7 20.Bc3 Bxc4 21.Bxc4 Nb6 
22.Bb5 Rec8 23.Bc6 Rxc6 24.dxc6 Qxc6 25.a5 c4 26.Bxf6 Bxf6 27.axb6 c3 28.
Qb1 Qxb6 29.Rdf1 Ra3 30.Kc2 Qa6 31.e5 Qe2+ 32.Kxc3 dxe5 33.Qd1 e4+ 34.Kb4 
Rxb3+ 35.Qxb3 exf3 36.gxf3 e6 37.Qc4 Qb2+ 38.Ka5 Kg7 39.Rh3 Be7 40.Rfh1 
Qa3+ 41.Kb5 Qb2+ 42.Kc6 Qd2 43.Rh7+ Kf6 44.Qh4+ 1-0

[Event "Euskadi tch 1D"]
[Site ""]
[Date "2012.03.03"]
[Round "8.5"]
[White "Rodriguez Melendez, Juan Humber"]
[Black "Hernandorena De La Cruz, Egoi"]
[Result "1/2-1/2"]
[WhiteElo "2096"]
[BlackElo "2033"]

1.e4 e5 2.Nf3 Nc6 3.Bb5 a6 4.Ba4 Nf6 5.O-O Bc5 6.c3 b5 7.Bb3 d6 8.h3 Bb7 
9.Re1 Bb6 10.d4 O-O 11.d5 Ne7 12.Nbd2 Nd7 13.Nf1 f5 14.exf5 Nxf5 15.a4 Qf6
16.Bc2 Nh4 17.N1h2 Nxf3+ 18.Nxf3 h6 19.Be3 c6 20.dxc6 Bxc6 21.Bb3+ Kh8 22.
Bd5 Bxd5 23.Qxd5 Bxe3 24.Rxe3 Nb6 25.Qd3 Nxa4 26.Re2 Rae8 27.Qd5 Re6 28.
Nd2 Qe7 29.Ne4 Nb6 30.Qb3 d5 31.Nd2 Nc4 32.Rae1 Qg5 33.Nxc4 dxc4 34.Qd1 
Rd8 35.Qb1 Rd3 36.Re3 Rxe3 37.Rxe3 e4 38.Qd1 Qe5 39.Qe1 a5 40.f3 Qc5 41.
Kh1 b4 42.Rxe4 Rxe4 43.Qxe4 bxc3 44.bxc3 Kg8 45.f4 Qb5 46.f5 a4 47.Kg1 
1/2-1/2

[Event "Euskadi tch 1D"]
[Site ""]
[Date "2012.03.03"]
[Round "8.5"]
[White "Jimenez Almeida, Luis David"]
[Black "Arce Balluerca, Jorge"]
[Result "1-0"]
[WhiteElo "2043"]
[BlackElo "2018"]

1.d4 Nf6 2.Nf3 g6 3.c4 Bg7 4.Nc3 d6 5.e4 O-O 6.Be2 e5 7.O-O Nc6 8.d5 Ne7 
9.Ne1 Ne8 10.Be3 f5 11.f3 f4 12.Bf2 g5 13.c5 Kh8 14.a4 Ng8 15.cxd6 cxd6 
16.Nb5 a6 17.Na3 h5 18.Nc4 Nh6 19.Qb3 Rf7 20.Rc1 g4 21.Nb6 Rb8 22.Nxc8 
Rxc8 23.Nd3 Rxc1 24.Rxc1 Bf8 25.Qb6 Qd7 26.b3 Kh7 27.Bh4 Be7 28.Bxe7 Rxe7 
29.Qf2 Nf6 30.Qh4 Rf7 31.Nb2 Qd8 32.Kh1 Qb6 33.Nc4 Qc5 34.Qe1 Rc7 35.Qh4 
Kg6 36.Nxe5+ dxe5 37.Rxc5 Rxc5 38.Qe1 Nf7 39.g3 Ng5 40.gxf4 exf4 41.fxg4 
hxg4 42.Bd3 Kh5 43.Qa1 g3 44.Kg1 b5 45.axb5 axb5 46.d6 Rc8 47.Bxb5 Nfxe4 
48.d7 Rd8 49.Bc6 Nh3+ 50.Kf1 Neg5 51.Qa5 1-0

[Event "Euskadi tch 1D"]
[Site ""]
[Date "2012.03.03"]
[Round "8.5"]
[White "Mosquera Ulloa, Fernando"]
[Black "Sevilla Subiza, Javier"]
[Result "0-1"]
[WhiteElo "1953"]
[BlackElo "1925"]

1.d4 Nf6 2.Bg5 c5 3.d5 Qb6 4.Nc3 h6 5.Bd2 d6 6.e4 g6 7.f4 Bg4 8.Nf3 e6 9.
Bb5+ Nbd7 10.h3 Bxf3 11.Qxf3 O-O-O 12.a4 a5 13.O-O-O exd5 14.exd5 Bg7 15.
Nb1 Ne8 16.Na3 Qc7 17.Nc4 b6 18.Qb3 Nef6 19.Ba6+ Kb8 20.Ne3 c4 21.Qxc4 
Qxc4 22.Nxc4 Nxd5 23.Bb5 N5f6 24.Rhe1 Kc7 25.Re2 Nh5 {(Ilegible)} 0-1

[Event "Euskadi tch 1D"]
[Site ""]
[Date "2012.03.03"]
[Round "8.1"]
[White "Aguirre Canflanca, Josu"]
[Black "Miguel Quintero, Francisco"]
[Result "0-1"]
[WhiteElo "2189"]
[BlackElo "2257"]

1.d4 g6 2.e4 Bg7 3.Nc3 d6 4.Bc4 Nc6 5.Be3 e5 6.d5 Nce7 7.g4 a6 8.a4 f5 9.
gxf5 gxf5 10.Qh5+ Ng6 11.exf5 Qh4 12.Qxh4 Nxh4 13.O-O-O Nxf5 14.Nf3 Nxe3 
15.fxe3 Bh6 16.Rde1 Nf6 17.Kb1 Bg4 18.Rhf1 Bh3 19.Rg1 Ke7 20.Rg3 Bd7 21.h4
Rag8 22.Ng5 Rg7 23.Be2 Rhg8 24.Reg1 Be8 25.Kc1 Bf7 26.e4 Bh5 27.Bxh5 Nxh5 
28.Rg4 Nf4 29.R4g3 Ng6 30.Kd1 Nxh4 31.Rh3 Bxg5 32.Rxg5 Rxg5 33.Rxh4 R8g7 
34.Rh6 Rf7 35.Kd2 Kf8 36.Nd1 Rg2+ 37.Kc3 Rf3+ 38.Kb4 Kg7 0-1

[Event "Euskadi tch 1D"]
[Site ""]
[Date "2012.03.03"]
[Round "8.1"]
[White "Miguel Quintero, Antonio"]
[Black "Ortega Fuentes, Luis Angel"]
[Result "1/2-1/2"]
[WhiteElo "2165"]
[BlackElo "2119"]

1.e4 d6 2.d4 Nf6 3.Nc3 Nbd7 4.Nf3 e5 5.Bc4 Be7 6.O-O O-O 7.Re1 c6 8.a4 Qc7
9.Bg5 Re8 10.Qe2 Nf8 11.Rad1 Be6 12.Bxe6 Nxe6 13.Qc4 exd4 14.Ne2 Nxe4 15.
Bxe7 d5 16.Qd3 Rxe7 17.Nfxd4 Nxd4 18.Nxd4 Rae8 19.b3 Qf4 20.Qe3 Qxe3 21.
Rxe3 Nc3 22.Rdd3 Rxe3 23.fxe3 Ne4 24.b4 a6 25.Nb3 f5 26.b5 axb5 27.axb5 g6
28.h3 Ra8 29.Nd4 Rc8 30.bxc6 bxc6 31.Ra3 c5 32.Ne6 Re8 33.Nc7 Rd8 34.Ne6 
Rd6 35.Nf4 g5 36.Ra8+ Kf7 37.Ra7+ Kf6 38.Nh5+ 1/2-1/2

[Event "Euskadi tch 1D"]
[Site ""]
[Date "2012.03.03"]
[Round "8.1"]
[White "Manso Marquez, Felix"]
[Black "Alcaide Luque, Aitor"]
[Result "0-1"]
[WhiteElo "2061"]
[BlackElo "2135"]

1.d4 e6 2.Nf3 d5 3.g3 f5 4.Bg2 Nf6 5.O-O Bd6 6.c4 c6 7.Nc3 O-O 8.Qc2 Bd7 
9.Rb1 b5 10.cxb5 cxb5 11.Bf4 Bxf4 12.gxf4 Qc7 13.Qd2 b4 14.Nd1 Rc8 15.b3 
Qc2 16.Ne3 Qxd2 17.Nxd2 Nc6 18.Nf3 Nh5 19.Ne5 Nxe5 20.fxe5 Nf4 21.Rfe1 Bb5
22.Bf1 Rc3 23.Rb2 Rac8 24.Nd1 Rc1 25.f3 Ra1 26.Rd2 Rcc1 27.e3 Bxf1 28.Kxf1
Ng6 29.f4 Kf7 30.Ke2 Ne7 31.Rg1 Nc6 32.Rg2 a5 33.Nf2 Re1+ 34.Kf3 Na7 35.
Nd3 Rf1+ 36.Rgf2 Nb5 37.Nc5 Nc3 38.Rxf1 Rxf1+ 39.Kg2 Ra1 40.Nb7 a4 41.Nd8+
Kg8 42.bxa4 Rxa2 43.Rxa2 Nxa2 44.a5 Nc3 45.a6 Nb5 46.Nxe6 b3 0-1

[Event "Euskadi tch 1D"]
[Site ""]
[Date "2012.03.03"]
[Round "8.1"]
[White "Reinaldo Castiñeira, Roi"]
[Black "Diez Fraile, David"]
[Result "1-0"]
[WhiteElo "2497"]
[BlackElo "2185"]
[WhiteTeam "San Juan"]
[BlackTeam "Zornotza"]

1.Nf3 Nf6 2.g3 g6 3.Bg2 Bg7 4.c4 O-O 5.O-O d6 6.Nc3 e5 7.d3 Nc6 8.Rb1 a5 
9.a3 Nd4 10.Nd2 c6 11.e3 Ne6 12.Nde4 Ne8 13.f4 exf4 14.gxf4 d5 15.cxd5 
cxd5 16.f5 dxe4 17.fxe6 Bxe6 18.Nxe4 Ba2 19.Ra1 Bd5 20.a4 Bc6 21.d4 Nc7 
22.Qc2 Nd5 23.Qf2 Qe7 24.Nc3 Rad8 25.e4 Nb4 26.Be3 f5 27.d5 fxe4 28.Bc5 
Rxf2 29.Bxe7 Rxf1+ 30.Bxf1 Re8 31.Bxb4 axb4 32.dxc6 Bd4+ 33.Kg2 bxc3 34.
bxc3 Bxc3 35.Rc1 Be5 36.cxb7 Kf7 37.Rc8 Bb8 38.a5 1-0

[Event "Euskadi tch 1D"]
[Site ""]
[Date "2012.03.03"]
[Round "8.3"]
[White "Zamarbide Iñarrea, Borja"]
[Black "Padilla Cabero, Pablo"]
[Result "0-1"]
[WhiteElo "2192"]
[BlackElo "2167"]
[WhiteTeam "San Juan"]
[BlackTeam "Zornotza"]

1.f4 d5 2.Nf3 Nc6 3.b3 Bg4 4.e3 e5 5.h3 Bxf3 6.Qxf3 exf4 7.Bb5 Qh4+ 8.Kd1 
Bd6 9.c4 a6 10.cxd5 axb5 11.dxc6 b6 12.Bb2 Ne7 13.Nc3 fxe3 14.Nxb5 O-O-O 
15.Nxd6+ Rxd6 16.Qxe3 Rhd8 17.Bc3 Nd5 18.Qf3 Nxc3+ 19.Qxc3 Qf2 20.Kc1 Qxg2
0-1